| 000 | 00731cam a22002533a 4500 | ||
|---|---|---|---|
| 001 | 2950 | ||
| 003 | PGUSA | ||
| 005 | 20140828083023.0 | ||
| 008 | 011201s2001||||xxu|||||s|||||000 1 eng d | ||
| 040 |
_aPGUSA _beng |
||
| 042 | _adc | ||
| 050 | 4 | _aPS | |
| 100 | 1 |
_aFleming, May Agnes, _d1840-1880 |
|
| 245 | 1 | 4 |
_aThe Midnight Queen _h[electronic resource] / _cMay Agnes Fleming |
| 260 |
_bProject Gutenberg, _c2001 |
||
| 506 | _aPublic domain in the USA. | ||
| 516 | _aElectronic text | ||
| 653 | _aAdventure stories | ||
| 653 | _aPlague -- Fiction | ||
| 653 | _aLondon (England) -- History -- 17th century -- Fiction | ||
| 830 | 0 |
_aProject Gutenberg _v2950 |
|
| 856 | 4 | 0 | _uhttp://www.gutenberg.org/ebooks/2950 |
| 942 | _cEB | ||
| 999 |
_c232280 _d232280 |
||